| 000 | 00427nam a22001817a 4500 | ||
|---|---|---|---|
| 003 | koha_MIRAKIL | ||
| 005 | 20231213065340.0 | ||
| 008 | 231213b |||||||| |||| 00| 0 ||| d | ||
| 020 | _b9-94448627-2 | ||
| 040 |
_aTR-IsEVY _btur _cTR-IsEVY |
||
| 082 | _a813.42 PAL/K | ||
| 100 | _aPALA , İSKENDER. | ||
| 245 | 0 | _aKIRK AMBAR. | |
| 260 |
_bKAPI, _c2008 |
||
| 300 | _a246. | ||
| 650 | _aTürk Edebiyatı. | ||
| 942 |
_2ddc _cBK |
||
| 999 |
_c2162 _d2162 |
||